000 00578nam a2200229Ia 4500
003 0100
008 130227s9999 xx 000 0 und d
020 _a0631221271
040 _cARRUPELIB
050 _aJA71.B529 2002
245 4 _aThe Blackwell guide to social and political philosophy
260 _aOxford
260 _bBlackwell
260 _C2002
300 _axi
300 _b 329p 24cm
440 _aBlackwell philosophy guides n.5
650 _bPsychosexual disorders
650 _cCompulsive behavior
700 _aSimon, Robert L. (ed)
942 _2lcc
_01
999 _c649
_d649